Macroeconomic policy in Hungary: Poetry versus reality.

Podstata makroekonomickej politiky v Maďarsku v období prechodu na trhovú ekonomiku. Vývoj hlavných ekonomických ukazovateľov 1990-1991 v porovnaní s r. 1987-1988. Charakter makroekonomickej politiky Antallovej vlády a perspektívy na ďalšie roky.

Enregistré dans:
Détails bibliographiques
Auteur principal: Csaba, L.
Format: Chapitre de livre
Langue:anglais
Sujets:
Tags: Ajouter un tag
Pas de tags, Soyez le premier à ajouter un tag!

MARC

LEADER 00000naa a2200000 4500
001 r012001
005 20221213085259.7
041 0 |a eng 
044 |a GB 
245 1 0 |a Macroeconomic policy in Hungary: Poetry versus reality.  |c L. Csaba 
520 |a Podstata makroekonomickej politiky v Maďarsku v období prechodu na trhovú ekonomiku. Vývoj hlavných ekonomických ukazovateľov 1990-1991 v porovnaní s r. 1987-1988. Charakter makroekonomickej politiky Antallovej vlády a perspektívy na ďalšie roky. 
610 2 0 |a politika hospodárska 
610 2 0 |a makroekonomika 
610 2 0 |a MR 
610 2 0 |a 1990-1991 
610 2 0 |a 1987-1988 
610 2 0 |a mechanizmus trhový 
610 2 0 |a hospodárstvo trhové 
610 2 0 |a vývoj hospodársky 
610 2 0 |a ukazovatele ekonomické 
610 2 0 |a reformy hospodárske 
100 1 |a Csaba, L.